| 000 | 01701nam a2200229Ia 4500 | ||
|---|---|---|---|
| 999 |
_c55099 _d55099 |
||
| 001 | 22174 | ||
| 003 | GE_BSU | ||
| 005 | 20221221161423.0 | ||
| 008 | 181216s2018||||ge |||||||||||||| ||geo|| | ||
| 040 | _cGE_BSU | ||
| 041 | _ageo | ||
| 080 | _a33 ჭ-23 | ||
| 100 |
_aჭანიძე, ქეთევან _910748 |
||
| 245 |
_aდემოგრაფიული პროცესების ეკონომიკური მოდელირება მზარდი ეკონომიკის პირობებში(აჭარის ავტონომიური რესპუბლიკის მაგალითზე) / _cქეთევან ჭანიძე; სამეცნ. ხელმძღვანელი დ. ქათამაძე; ბათუმის შოთა რუსთაველის სახ-ფო უნ-ტი. ეკონომიკისა და ბიზნესის ფაკულტეტი ეკონომიკის დეპარტამენტი. |
||
| 264 |
_aბათუმი, _c2018. |
||
| 300 |
_a202 გვ. ; _b30 სმ. |
||
| 653 | _aდემოგრაფიული პროცესების ეკონომიკური მოდელირება მზარდი ეკონომიკის პირობებში(აჭარის ავტონომიური რესპუბლიკის მაგალითზე) | ||
| 653 | _aდისერტაცია | ||
| 653 | _aეკონომიკა | ||
| 700 |
_aქათამაძე, დ. _eსამეცნ. ხელმძღვანელი _92201 |
||
| 942 |
_cDS _2udc |
||